000 00272nam a2200109Ia 4500
008 220204s9999 xx 000 0 und d
082 _a678:541.6
_bHIG.9
100 _aBovey, F A
245 0 _aEmulsion polymerization
260 _aNew York
_bInterscience
_c1955
942 _cBK
999 _c20497
_d20497